00348nam a22001097a 4500020001800000082002200018100003800040245006800078260004200146300000800188650004200196 a9788187358473 a301.452971054 AHM aAhmad, Imtiaz and Reifeld, Helmut aLived Islam in South Asia: Adaptation, Accommodation & Conflict aNew DelhibSocial Science Pressc2004 a308 aMuslims -- India -- Social conditions